02249nam a22001817a 4500003000400000005001700004008004100021082004800062100001800110245003300128250001800161260005500179300003800234490005100272520141200323650031501735700001702050OSt20260327104121.0260325b |||||||| |||| 00| 0 esp d 29788492921126a9788492921126b9788492921126 a Simon Sinek. aLos líderes comen al final a1ra edición aEcuador bEmpresa Activa (Ediciones Urano).c 2015 a 350 pagc13.34 x 2.54 x 20.96 cm 3 Papel ahuesado o blanco de gramaje estándar aEl Círculo de Seguridad: Cuando los empleados se sienten seguros y valorados, su respuesta natural es la cooperación y el esfuerzo extra. Si hay miedo al despido o humillación, el cerebro entra en modo supervivencia y la innovación se detiene. La Química del Liderazgo: Sinek explica el comportamiento humano a través de cuatro químicos: Egoístas (Dopamina y Endorfina): Nos hacen sentir bien al lograr metas individuales, pero son adictivas y poco duraderas. Sociales (Serotonina y Oxitocina): Generan orgullo, confianza y amor. Son el "pegamento" que mantiene unido al equipo y solo se liberan cuando nos sentimos parte de algo más grande. El Cortisol (El Enemigo): Es la hormona del estrés. Si un líder gestiona mediante el miedo, el equipo vive con niveles altos de cortisol, lo que inhibe la oxitocina, destruye la empatía y afecta la salud física de los trabajadores. Abstinencia de Liderazgo: Sinek critica la cultura empresarial moderna que prioriza los números sobre las personas. Argumenta que tratar a los empleados como piezas intercambiables destruye la capacidad de una empresa para sobrevivir a largo plazo. Por qué comen al final: El título viene de una tradición de los Marines: los oficiales de mayor rango comen después que los soldados. Esto simboliza que el líder está dispuesto a sacrificar su comodidad (o su bono) por el bienestar de su gente. aTemático: Liderazgo - Aspectos biológicos. Temático: Psicología industrial. Temático: Cultura organizacional.xElemento de entrada (Tema): Liderazgo Subdivisión general ($x): Aspectos psicológicosyEncabezamiento: Liderazgo — Siglo XXI Encabezamiento: Administración de personal — Siglo XXI aSinek, Simon